Suomen murrealuekartta - Statistics

Yleistilastot
  • Tätä visaa on pelattu 242 kertaa
  • Keskiarvotulos 8 / 29
Vastaukset kartalla
Vastauksille on annettu kartalla punavihreä väri sen mukaan, kuinka moni on saanut sen oikein.
 
Vastaustilastot
Vastaus % Oikein
Turun ylämaan murteet
74%
Kainuun murteet
64%
Pohjois-Karjalan murteet
62%
Pohjois-Savon murteet
61%
Etelä-Savon murteet
55%
Etelä-Pohjanmaan murteet
51%
Porin seudun murteet
50%
Pohjois-Pohjanmaan murteet
49%
Keski-Suomen murteet
47%
Keski-Pohjanmaan murteet
44%
Tornion murteet
38%
Kaakkoishämäläiset murteet (Kymenlaakso)
33%
Päijät-Hämeen murteet
24%
Lounaismurteiden itäryhmä
23%
Lounaismurteiden pohjoisryhmä
23%
Kemin murteet
19%
Savonlinnan seudun välimurteet
16%
Etelähämäläiset murteet
14%
Varsinaiset kaakkoismurteet
13%
Kaakkoishämäläiset murteet (Porvoo)
9%
Kemijärven murteet
7%
Länsi-Uudenmaan murteet
7%
Lemin seudun välimurteet
7%
Someron murre
7%
Ylä-Satakunnan murteet
5%
Kaakkoishämäläiset murteet (Hollola)
4%
Ala-Satakunnan murteet
3%
Keuruun-Evijärven seudun välimurteet
3%
Perihämäläiset murteet
2%
Ehtoja vastaavia visoja ei löytynyt
Tulosjakauma
Jokaisen tuloksen saaneiden osuus
Persentiili vastausten määrän mukaan
Tuloshistoriasi
Et ole pelannut tätä visaa